000 01009nac a22003017a 4500
001 BR9603937
003 BR-BrBNA
005 20240105121758.0
008 230509b bl.|||m| |||| 00| 0 por d
040 _aBR-BrBNA
_bpor
_cBiblioteca Nacional de Agricultura
072 _aF06; F60
090 _a0150 BR9603937
100 1 _aRamos, M.M.
100 1 _aRocha, I. de B.
100 1 _aVieira, H.A.
100 1 _aSediyama, G.C.
110 1 _aAssociacao dos Engenheiros Agricolas de Minas Gerais, Vicosa (Brasil)
_9584
245 1 _aEvapotranspiracao da cultura (ETc)do arroz (Oryza sativa L.), cultivar Rio Paranaiba, irrigado por aspersao
260 3 _aVicosa, MG (Brasil):
_c1992.
300 _a12 p.
490 _aEngenharia na Agricultura. Serie Irrigacao e Drenagem (Brazil)
_vv. 1(8)
_x
500 _aSummaries (En, Pt); 12 ref.
650 _aArroz
650 _aCultura Irrigada
650 _aEvapotranspiracao
909 _a202312
_bLúcia Elande
_c55
_dLúcia Elande
942 _2AGRIS
_n0
_cMS
999 _c287398
_d287398